000
00343nam a2200157Ia 4500
100
_a
Hock/NG Chee
650
_a
Modelling
942
_c
RB
366
_f
20
654
_a
queing
245
_a
Queing Modelling fundamentals
260
_b
John Wiley & Sons
_a
Mumbai
_c
1996
082
_a
519.82/HOC
_b
HOC
300
_a
222
546
_a
ENGLISH
999
_c
21969
_d
21969